|
|
|
|
| LEADER |
00607cam a2200169 7i4500 |
| 001 |
0000004134 |
| 005 |
19991025090000.0 |
| 002 |
##000005584 |
| 020 |
0 |
0 |
|a 0-13-017534-X
|
| 090 |
0 |
0 |
|a B 658.562
|b CLE
|
| 100 |
0 |
0 |
|a Clements, Richard Barrett
|
| 245 |
0 |
0 |
|a Quality manager's complete guide to ISO 9000 :
|b interpretation, application, implementation, registration, and benefits of the ISO 9000 standard..
|
| 260 |
0 |
0 |
|a Englewood Cliffs,NJ.:
|b Prentice Hall,
|c 1993.
|
| 300 |
0 |
0 |
|a 332 p..
|
| 650 |
0 |
0 |
|a Quality control --
|x Standards
|
| 650 |
0 |
0 |
|a ISO 9000
|
| 999 |
|
|
|a 0000006151
|b Book
|c Open shelf
|e Business Information Centre
|